000 00320nam a22001337a 4500
008 170529b xxu||||| |||| 00| 0 eng d
020 _a0787628107
041 _aeng
080 _a62
100 _a27
101 _aIM
245 _aTECHNOLOGY IN ACTION SCIENCE APPLIED TO EVERYDAY LIFE
_cENGELBERT,PH
942 _2udc
_cBK
999 _c14849
_d14849